| 000 | 00497nam a2200109Ia 4500 | ||
|---|---|---|---|
| 008 | 171212s9999 xx 000 0 und d | ||
| 245 |
_ceditor Gerber, Scott Douglas _aSeriatim _bThe Supreme Court Before John Marshall |
||
| 260 |
_bNew York University Press _c1998 |
||
| 650 | _aLaw | ||
| 650 | _aUnited States. Supreme Court -- History; Judges -- United States -- Biography; Judicial review -- United States -- History; Law and politics -- History | ||
| 856 | _uhttp://www.jstor.org/stable/j.ctt9qgf0m | ||
| 999 |
_c351554 _d351554 |
||